Bocconi Legal Papers

Detalles Bibliográficos
Formato: Seriadas
Lenguaje:inglés
Publicado: Milan : Bocconi University School of Law, 2008 -
Materias:
Acceso en línea:Acceso restringido

MARC

LEADER 00000nas a22000007a 4500
005 20111115145057.0
007 cr|||| ||||
008 111115c20089999it z||| s|||| 0|||b1eng d
035 |a 6017 
040 |a vLex 
090 |c 2770  |d 2770 
245 0 0 |a Bocconi Legal Papers  |h [Recurso electrn̤ico]  
256 |a Servicio en ln̕ea 
260 |a Milan :  |b Bocconi University School of Law,  |c 2008 - 
300 |a 1 recurso electrn̤ico 
310 |a Irregular 
362 |a Nm︢. 1 (2008) - 
506 1 |a Contenido solo disponible en los productos indicados  |d vLex Global  |d vLex Global (Academic Edition, excluding Law Schools)  |d vLex Global (U.S. Academic Edition, Law Schools)  |d vLex Global (U.S. Academic Edition, excluding Law Schools)  |d vLex Global (Academic Edition, Law Schools) 
650 0 4 |a Derecho mercantil 
740 0 |a vLex Revistas (Servicio en ln̕ea) 
856 4 0 |u http://vlex.com/source/bocconi-legal-papers-6017  |z Acceso restringido 
942 |c REV